Higiene escolar (Record no. 27603)

MARC details
000 -CABECERA
campo de control de longitud fija 00724nam a2200217 a 4500
003 - IDENTIFICADOR DEL NÚMERO DE CONTROL
campo de control MX-MxUPN
005 - FECHA Y HORA DE LA ÚLTIMA TRANSACCIÓN
campo de control 20240703091015.0
008 - ELEMENTOS DE LONGITUD FIJA--INFORMACIÓN GENERAL
campo de control de longitud fija 991125s1937 sp r 000 0 spa d
035 ## - NÚMERO DE CONTROL DEL SISTEMA
Número de control de sistema UPN01000027603
040 ## - FUENTE DE LA CATALOGACIÓN
Centro catalogador/agencia de origen MX-MxUPN
Lengua de catalogación spa
Centro/agencia transcriptor MX-MxUPN
041 0# - CÓDIGO DE IDIOMA
Código de lengua del texto/banda sonora o título independiente spa
050 14 - SIGNATURA TOPOGRÁFICA DE LA BIBLIOTECA DEL CONGRESO
Número de clasificación LB3405
Número de documento/Ítem B8.38 1937
100 1# - ASIENTO PRINCIPAL--NOMBRE PERSONAL
Nombre de persona Burgerstein, Leo,
Fechas asociadas al nombre 1853-1928
9 (RLIN) 36189
245 10 - MENCIÓN DE TÍTULO
Título Higiene escolar
260 ## - PUBLICACIÓN, DISTRIBUCIÓN, ETC.
Lugar de publicación, distribución, etc. Barcelona :
Nombre del editor, distribuidor, etc. Labor,
Fecha de publicación, distribución, etc. 1937.
300 ## - DESCRIPCIÓN FÍSICA
Extensión 223 páginas
490 0# - MENCIÓN DE SERIE
Mención de serie Labor. Biblioteca de iniciación cultural. Educación ;
Designación de volumen o secuencia 204
650 #4 - ASIENTO SECUNDARIO DE MATERIA - TERMINO TEMATICO
Término de materia o nombre geográfico como elemento de entrada Higiene escolar
9 (RLIN) 15543
700 1# - ASIENTO SECUNDARIO--NOMBRE DE PERSONAL
Nombre de persona Jaumandreu, Eugenio
9 (RLIN) 52643
Término indicativo de función/relación notas
-- traducción
710 2# - ASIENTO SECUNDARIO - NOMBRE CORPORATIVO
Nombre de entidad corporativa o nombre de jurisdicción como elemento de entrada Instituto Federal de Capacitación del Magisterio (México)
9 (RLIN) 28505
Término indicativo de función/relación propietario anterior
Holdings
Estado de retiro Estado de pérdida Fuente del sistema de clasificación o colocación Estado dañado No para préstamo Código de colección Localización permanente Ubicación/localización actual Ubicación en estantería Fecha de adquisición Clasificación Código de barras Fecha visto por última vez Número de copia Tipo de ítem Koha Nota pública
    Library of Congress Classification   Disponible (Previa cita) Fondo Reservado de libros Bib. Gregorio Torres Quintero Bib. Gregorio Torres Quintero Sala de Fondos Reservados Planta alta 18/11/2022 LB3405 B8.38 1937 18328 31/12/2020 1 Libro Ejemplar con sello de la Biblioteca del Instituto Federal de Capacitación del Magisterio
    Library of Congress Classification   Disponible (Préstamo en sala) Colección Medina Bib. Gregorio Torres Quintero Bib. Gregorio Torres Quintero Colecciones especiales Planta alta 30/01/2023 LB3405 B8.38 1937 101816 31/12/2020 1 Libro